Cena Jana Masaryka Gratias agit

Bibliographic Details
Format: Article
Language:Czech
PhysicalDescription:Fotogr.
ISSN:1335-549X
Subjects:

MARC

LEADER 00000nab a2200000 a 4500
001 vtls000808523
003 SK-MaSNL
005 20260302150316.0
008 160324c2002 xo 0 cze
015 |a SNBRB2002/10-30775 
035 |a CLN000160178 
040 |a SNKBUCL  |b slo  |c SNKBUCL  |e AACR2 
041 0 |a cze 
044 |a xo  |c SK 
080 |a 323.15(437.6=850):06.068  |2 1997 
080 |a 06.068  |2 1997 
080 |a 061.22(437.6=850)  |2 1997 
245 0 0 |a Cena Jana Masaryka Gratias agit 
300 |b Fotogr. 
610 7 |a Cena Jana Masaryka Gratias agit  |2 snkbucl  |9 839764 
610 7 |a Český spolok na Slovensku (Košice, Slovensko)  |x Cena Jana Masaryka Gratias agit  |y 2002  |2 snkbucl  |9 839765 
655 7 |a články z novín a časopisov  |2 snkbucl  |9 267496 
773 0 |x 1335-549X  |t Česká beseda  |g Roč. 8, č. 7-8 (2002), s. 6 
850 |a Slovenská národná knižnica v Martine 
852 |a SNK  |b KIS3GCP 
958 |a CZ 
958 |a SK 
958 |a RBX 
999 |c 1356973  |d 1358903